Evaluación del año de actividades: julio 1976 - junio 1977
Salvato in:
| Ente Autore: | |
|---|---|
| Natura: | testo |
| Pubblicazione: |
Nandayure y Hojancha:
Municipalidad de Hojancha. Municipalidad de Nandayure
|
| Tags: |
Aggiungi Tag
Nessun Tag, puoi essere il primo ad aggiungerne!!
|
MARC
| LEADER | 00000 a a2200000 04500 | ||
|---|---|---|---|
| 001 | 16345 | ||
| 003 | |||
| 040 | |||
| 090 | |a 013300 | ||
| 110 | |a Proyecto de Desarrollo Rural Integrado | ||
| 245 | |a Evaluación del año de actividades: julio 1976 - junio 1977 | ||
| 260 | |a Nandayure y Hojancha: |b Municipalidad de Hojancha. Municipalidad de Nandayure | ||
| 300 | |a 88 p. | ||
| 999 | |c 14202 |d 14202 | ||
